00529nam a2200181 a 45000010010000000030011000100080041000210350026000620820014000881000025001022450026001272600035001536500022001889420012002109520090002229980020003129990015003320000-9148ELIB.Books110520 1982  a(ELIB.Books)0000-9300 a259 bTil aTillapaugh, Frank R. aUnleashing The Church bCalifornia: Regal Books c1982 aPastoral Theology 2ddccBK 00102ddc4070aKBTSbKBTSd2011-05-20l0p9519r2022-01-22 00:00:00w2022-01-22yBK cbate2011-05-20 c9148d9148